000 01163nam a2200301Ia 4500
001 ebr10089085
003 CaPaEBR
006 m u
007 cr cn|||||||||
008 020524s2002 enk sb 001 0 eng d
020 _z9041117598
040 _aCaPaEBR
_cCaPaEBR
035 _a(OCoLC)232157163
050 1 4 _aK3240.4
_b.074 2002eb
082 0 4 _a341.481
_221
100 1 _aO'Shea, Andreas.
245 1 0 _aAmnesty for crime in international law and practice
_h[electronic resource] /
_cby Andreas O'Shea.
260 _aThe Hague ;
_aLondon :
_bKluwer Law International,
_cc2002.
300 _axxxiii, 376 p.
504 _aIncludes bibliographical references and index.
533 _aElectronic reproduction.
_bPalo Alto, Calif. :
_cebrary,
_d2009.
_nAvailable via World Wide Web.
_nAccess may be limited to ebrary affiliated libraries.
650 0 _aHuman rights.
650 0 _aAmnesty.
650 0 _aCriminal procedure (International law)
655 7 _aElectronic books.
_2local
710 2 _aebrary, Inc.
856 4 0 _uhttp://site.ebrary.com/lib/rucke/Doc?id=10089085
_zAn electronic book accessible through the World Wide Web; click to view
999 _c52515
_d52515